Comportamiento organizacional: cómo lograr un cambio cultural a través de gestión por competencias (Registro nro. 5794)
[ vista simple ]
| 000 -CABECERA | |
|---|---|
| campo de control de longitud fija | 00918ata a2200313 4500 |
| 005 - FECHA Y HORA DE ACTUALIZACIÓN | |
| campo de control | 20241008185701.0 |
| 008 - LONGITUD FIJA | |
| campo de control de longitud fija | 150520b xxu||||| |||| 00| 0 spa d |
| 041 ## - IDIOMA | |
| Código de idioma del texto/pista de sonido o título separado | |
| 082 ## - CLASIFICACIÓN DECIMAL DEWEY | |
| Número de clasificación | 658.3 AL434c1 |
| 100 ## - AUTOR PERSONAL | |
| Nombre de persona | Alles, Martha Alicia |
| 245 ## - TÍTULO PROPIAMENTE DICHO | |
| Título | Comportamiento organizacional: cómo lograr un cambio cultural a través de gestión por competencias |
| 260 ## - PIE DE IMPRENTA | |
| Lugar de publicación, distribución, etc. | Argentina |
| 260 ## - PIE DE IMPRENTA | |
| Nombre del editor, distribuidor, etc. | Granica |
| 260 ## - PIE DE IMPRENTA | |
| Fecha de publicación, distribución, etc. | 2008 |
| 300 ## - DESCRIPCIÓN FÍSICA | |
| Extensión | 540 páginas |
| 650 ## - Materia General | |
| Materia general | COMPORTAMIENTO ORGANIZACIONAL |
| 650 ## - Materia General | |
| Materia general | CULTURA ORGANIZACIONAL |
| 650 ## - Materia General | |
| Materia general | RECURSOS HUMANOS |
| 650 ## - Materia General | |
| Materia general | ORGANIZACIONES |
| 650 ## - Materia General | |
| Materia general | NECESIDADES DEL HOMBRE |
| 650 ## - Materia General | |
| Materia general | CUADRO DE MANDO INTEGRAL |
| 650 ## - Materia General | |
| Materia general | LIDERAZGO Y MOTIVACIÓN |
| 650 ## - Materia General | |
| Materia general | SENTIDO DE PERTENENCIA |
| 650 ## - Materia General | |
| Materia general | SATISFACCIÓN LABORAL |
| 650 ## - Materia General | |
| Materia general | MANEJO DE CONFLICTOS |
| 650 ## - Materia General | |
| Materia general | CAMBIO ORGANIZACIONAL |
| 650 ## - Materia General | |
| Materia general | TENDENCIAS MANAGEMENT |
| 942 ## - Punto de Acceso Adicional Koha | |
| Tipo de ítem Koha | Libro |
| Estado perdido | Fuente de clasificación o esquema de estantería | Estado dañado | No para préstamo | Biblioteca permanente | Biblioteca actual | Signatura completa | Código de barras | Precio efectivo a partir del | Tipo de ítem |
|---|---|---|---|---|---|---|---|---|---|
| Dewey Decimal Classification | Departamento de Biblioteca y Documentación Alfonso Chase Brenes | Departamento de Biblioteca y Documentación Alfonso Chase Brenes | 658.3 AL434c1 | 14789 | 25/10/2016 | Libro |